00606nam a2200193 a 450000100060000000300080000600500170001400800410003103500190007204000320009104100080012308200220013110000360015324500790018926000510026830000330031950000190035265000410037154727BD-RjUL20211209080148.0161109s1957 nyua 001 0 eng d a(BD-RjUL)54849 aYNGcYNGdEQOdBD-RjULbeng aeng 223a956bHOM 19571 aHoskins, Halford L.d1891-1967.14aThe Middle East, problem area in world politics /c[by] Halford L. Hoskins aNew York :bMacmillan,cc1954 [printing 1957]. avi, 311 p. :bill. ;c22 cm. aIncludes index aPolitics and governmentzMiddle East